NBA All-Time Boston Celtics Players (top 12) - Statistics

General Stats
  • This quiz has been taken 551 times
  • The average score is 8 of 12
Answer Stats
Rank Player % Correct
1 Bill Russell
97%
2 Larry Bird
97%
7 Paul Pierce
91%
10 Kevin Garnett
87%
3 Kevin McHale
84%
5 Bob Cousy
81%
6 John Havlicek
78%
12 Robert Parish
76%
4 Sam Jones
62%
11 Dennis Johnson
31%
9 Bill Sharman
26%
8 Tommy Helnsohn
5%
No matching quizzes found
Score Distribution
Percent of People with Each Score
Percentile by Number Answered
Your Score History
You have not taken this quiz